[Event "40th Olympiad Open"]
[Site "Istanbul TUR"]
[Date "2012.09.05"]
[Round "8.11"]
[Board "2"]
[White "Flores, Diego"]
[Black "Parligras, Mircea-Emilian"]
[Result "1/2-1/2"]
[WhiteTitle "GM"]
[BlackTitle "GM"]
[WhiteElo "2589"]
[BlackElo "2618"]
[WhiteTeam "Argentina"]
[BlackTeam "Romania"]
[WhiteFideId "108049"]
[BlackFideId "1204297"]
[EventDate "2012.08.28"]

1. c4 c5 2. Nf3 Nc6 3. Nc3 Nf6 4. g3 d5 5. cxd5 Nxd5 6. Bg2 g6 7. d3 Bg7 8. Bd2
O-O 9. O-O b6 10. Nxd5 Qxd5 11. Bc3 Bb7 12. Qa4 Qd6 13. Rfc1 Rab8 14. a3 a5 15.
Rab1 Rfd8 16. Qb5 Na7 17. Qa4 Nc6 18. Qb5 Na7 19. Qc4 Bd5 20. Qh4 Nc6 21. Nd2
Bxg2 22. Kxg2 Qe6 23. Bxg7 Kxg7 24. Qe4 Qf6 25. Nf3 Rd6 26. Rc2 e5 27. Rc4 Qe7
28. Qe3 f6 29. h4 h5 30. Rbc1 Qe6 31. Kg1 Rbd8 32. Qe4 R8d7 33. Qe3 Rd8 34. Qe4
R8d7 35. Qe3 Rd8 1/2-1/2

[Event "40th Olympiad Open"]
[Site "Istanbul TUR"]
[Date "2012.09.05"]
[Round "8.11"]
[Board "3"]
[White "Marin, Mihail"]
[Black "Felgaer, Ruben"]
[Result "0-1"]
[WhiteTitle "GM"]
[BlackTitle "GM"]
[WhiteElo "2548"]
[BlackElo "2570"]
[WhiteTeam "Romania"]
[BlackTeam "Argentina"]
[WhiteFideId "1200020"]
[BlackFideId "107069"]
[EventDate "2012.08.28"]

1. d4 d5 2. Nf3 Nf6 3. c4 c6 4. e3 Bg4 5. h3 Bxf3 6. Qxf3 e6 7. Nc3 Bd6 8. Bd3
O-O 9. O-O Nbd7 10. Bd2 Re8 11. Rae1 Rc8 12. a3 Bb8 13. g3 e5 14. cxd5 cxd5 15.
Bb1 e4 16. Qg2 Qb6 17. Nd1 Qe6 18. Re2 h5 19. Nc3 Nb6 20. Be1 Nc4 21. f3 Nd6 22.
Ba2 exf3 23. Qxf3 Nde4 24. Kg2 g6 25. Bb1 Kg7 26. Nxe4 dxe4 27. Qf2 Nd5 28. Kg1
f5 29. Ba2 Qd7 30. g4 hxg4 31. hxg4 f4 32. Bxd5 f3 33. Qh4 Qxd5 34. Rd2 g5 0-1

[Event "40th Olympiad Open"]
[Site "Istanbul TUR"]
[Date "2012.09.05"]
[Round "8.11"]
[Board "4"]
[White "Lorenzini, Martin"]
[Black "Vajda, Levente"]
[Result "1/2-1/2"]
[BlackTitle "GM"]
[WhiteElo "2482"]
[BlackElo "2612"]
[WhiteTeam "Argentina"]
[BlackTeam "Romania"]
[WhiteFideId "105570"]
[BlackFideId "1203975"]
[EventDate "2012.08.28"]

1. e4 e5 2. Bc4 Nf6 3. d3 Be7 4. Nf3 d6 5. O-O O-O 6. Nbd2 Nc6 7. Bb3 Be6 8. Re1
Qd7 9. c3 Rad8 10. Nf1 h6 11. h3 a6 12. Ng3 Rfe8 13. a4 Bf8 14. a5 Qc8 15. Ba4
Nd7 16. d4 exd4 17. cxd4 d5 18. e5 Nb4 19. Be3 b5 20. axb6 cxb6 21. Nh4 b5 22.
Rc1 Qb7 23. Bc2 Nxc2 24. Rxc2 Nb6 25. f4 Qe7 26. Nf3 f5 27. Qd3 g6 28. Ra1 Qb7
29. b3 Nc4 30. Bf2 a5 31. Nh4 Qf7 32. Ne2 a4 33. bxa4 Ra8 34. a5 Ra6 35. Nc1 b4
36. Nb3 Bd7 37. Nc5 Bxc5 38. dxc5 Rb8 39. Bd4 b3 40. Rb2 Rxa5 41. Rxb3 Rxa1+ 42.
Bxa1 Rxb3 43. Qxb3 Qe7 44. Qg3 Qxc5+ 45. Kh2 Be8 46. Nxg6 Ne3 47. Nh4+ Kf8 48.
Qe1 d4 49. Nf3 Qc2 50. Qb4+ Kg8 51. Nh4 Qf2 52. Qxd4 Nf1+ 53. Kh1 Ng3+ 54. Kh2
Nf1+ 1/2-1/2

[Event "40th Olympiad Open"]
[Site "Istanbul TUR"]
[Date "2012.09.05"]
[Round "8.12"]
[Board "3"]
[White "Brkic, Ante"]
[Black "Swiercz, Dariusz"]
[Result "0-1"]
[WhiteTitle "GM"]
[BlackTitle "GM"]
[WhiteElo "2587"]
[BlackElo "2594"]
[WhiteTeam "Croatia"]
[BlackTeam "Poland"]
[WhiteFideId "14506688"]
[BlackFideId "1126881"]
[EventDate "2012.08.28"]

1. e4 e6 2. d4 d5 3. Nc3 Nf6 4. e5 Nfd7 5. f4 c5 6. Nf3 Nc6 7. Be3 Be7 8. a3 O-O
9. dxc5 Bxc5 10. Bxc5 Nxc5 11. b4 Nd7 12. Bd3 f6 13. b5 Na5 14. O-O fxe5 15.
fxe5 Nc5 16. h4 Nxd3 17. Qxd3 h6 18. Nd4 Nc4 19. Qg3 Bd7 20. Nce2 Qc7 21. a4 Nd2
22. Rxf8+ Rxf8 23. Qc3 Qxc3 24. Nxc3 Rf4 25. Nb3 Nc4 26. Nc5 Bc8 27. a5 Rxh4 28.
a6 b6 29. Nb7 Bd7 30. Nd6 Nxd6 31. exd6 Rc4 32. Ne2 Rc8 33. c4 dxc4 34. Nc3 Kf7
35. Rf1+ Ke8 36. Re1 Rc5 37. Kf2 Kf7 38. Rd1 Ke8 39. Re1 Rf5+ 40. Kg3 Kd8 41.
Re4 Rc5 42. Rf4 Ke8 43. Re4 e5 44. Kh4 Bxb5 45. Nxb5 Rxb5 46. Rxc4 Rc5 47. Rg4
Kf7 48. Rg3 Rc8 49. Kh5 Rd8 50. Rc3 Ke6 51. Kg6 Rd7 0-1

[Event "40th Olympiad Open"]
[Site "Istanbul TUR"]
[Date "2012.09.05"]
[Round "8.13"]
[Board "2"]
[White "Sebenik, Matej"]
[Black "Mastrovasilis, Dimitrios"]
[Result "1/2-1/2"]
[WhiteTitle "GM"]
[BlackTitle "GM"]
[WhiteElo "2552"]
[BlackElo "2618"]
[WhiteTeam "Slovenia"]
[BlackTeam "Greece"]
[WhiteFideId "14602296"]
[BlackFideId "4202694"]
[EventDate "2012.08.28"]

1. d4 d5 2. c4 c6 3. Nc3 Nf6 4. cxd5 cxd5 5. Bf4 Nc6 6. e3 a6 7. Bd3 Bg4 8. Nge2
e6 9. Rc1 Bxe2 10. Qxe2 Bd6 11. Bg5 h6 12. Bh4 O-O 13. O-O Be7 14. f4 Rc8 15.
Kh1 b5 16. Bxf6 Bxf6 17. a4 bxa4 18. Bxa6 Rb8 19. Nxa4 Nb4 20. Bd3 Qa5 21. b3
Rfc8 22. g3 Be7 23. Bb1 Rc7 24. f5 exf5 25. Bxf5 Re8 26. Rxc7 Qxc7 27. Qd2 g6
28. Bb1 Nc6 29. Qg2 Nb4 30. Qd2 Nc6 31. Qg2 Nb4 32. e4 dxe4 33. Qxe4 Rd8 34. Qf3
Bf8 35. Nc5 Bg7 36. Nd3 1/2-1/2

[Event "40th Olympiad Open"]
[Site "Istanbul TUR"]
[Date "2012.09.05"]
[Round "8.13"]
[Board "3"]
[White "Banikas, Hristos"]
[Black "Borisek, Jure"]
[Result "1/2-1/2"]
[WhiteTitle "GM"]
[BlackTitle "GM"]
[WhiteElo "2623"]
[BlackElo "2554"]
[WhiteTeam "Greece"]
[BlackTeam "Slovenia"]
[WhiteFideId "4202031"]
[BlackFideId "14603152"]
[EventDate "2012.08.28"]

1. Nf3 c5 2. c4 Nf6 3. Nc3 Nc6 4. e3 e6 5. d4 d5 6. a3 a6 7. dxc5 Bxc5 8. b4 Ba7
9. Bb2 O-O 10. Qc2 Qe7 11. Rd1 Rd8 12. Be2 h6 13. O-O dxc4 14. Rxd8+ Nxd8 15.
Ne4 Ne8 16. Bxc4 b5 17. Ba2 Bb7 18. Rd1 Rc8 19. Qd3 Nc6 20. Rc1 Qd8 21. Ne1 Nb8
22. Rxc8 Qxc8 23. Nd6 Nxd6 24. Qxd6 Nc6 25. Nd3 Bb8 26. Qc5 Qd8 27. Qc2 Qc7 28.
g3 Nd8 29. Nc5 Qc6 30. e4 Bd6 31. Qd3 Bxc5 32. Qxd8+ Bf8 33. Bb1 Qd6 34. Qxd6
Bxd6 35. f4 h5 36. Kf2 Kf8 37. Bd4 Bc7 38. Ke3 g6 39. h3 Ke8 40. g4 hxg4 41.
hxg4 Bd8 42. g5 Kd7 43. Bc2 Bc6 44. Bb3 Ke8 45. Bd1 Kd7 46. Bc2 Ke8 47. Bd3 Kd7
48. Bf1 Ke8 49. Bh3 Kd7 50. Kd3 Bc7 51. Ke3 Bd8 52. Bg4 Ke8 53. Bd1 Kd7 54. Kf3
Ke8 55. Bc2 Kd7 56. Kg4 Ke8 57. Bd3 Bc7 58. Kg3 Bd8 59. Kf2 Kd7 60. Ke3 Ke8 61.
Kd2 Bc7 62. Be5 Bxe5 63. fxe5 Kd8 64. Kc3 1/2-1/2

[Event "40th Olympiad Open"]
[Site "Istanbul TUR"]
[Date "2012.09.05"]
[Round "8.13"]
[Board "4"]
[White "Skoberne, Jure"]
[Black "Halkias, Stelios"]
[Result "1/2-1/2"]
[WhiteTitle "GM"]
[BlackTitle "GM"]
[WhiteElo "2552"]
[BlackElo "2574"]
[WhiteTeam "Slovenia"]
[BlackTeam "Greece"]
[WhiteFideId "14604299"]
[BlackFideId "4201809"]
[EventDate "2012.08.28"]

1. c4 e6 2. g3 Nf6 3. Bg2 d5 4. Nf3 dxc4 5. Na3 c5 6. Nxc4 Nc6 7. b3 Be7 8. Bb2
O-O 9. O-O Qc7 10. Rc1 Rd8 11. Qc2 h6 12. Qb1 Bd7 13. Qa1 Rac8 14. d4 cxd4 15.
Nxd4 Qb8 16. Rfd1 Nxd4 17. Bxd4 Bc6 18. Be5 Rxd1+ 19. Rxd1 Qa8 20. Nd6 Bxd6 21.
Bxf6 gxf6 22. Rxd6 Bxg2 23. Kxg2 Rd8 24. Qd4 Rxd6 25. Qxd6 b6+ 26. f3 Kg7 27.
Qc7 b5 28. e4 a6 29. Kh3 Qf8 30. e5 f5 31. f4 Qa8 1/2-1/2

[Event "40th Olympiad Open"]
[Site "Istanbul TUR"]
[Date "2012.09.05"]
[Round "8.14"]
[Board "2"]
[White "Iordachescu, Viorel"]
[Black "Navara, David"]
[Result "0-1"]
[WhiteTitle "GM"]
[BlackTitle "GM"]
[WhiteElo "2645"]
[BlackElo "2691"]
[WhiteTeam "Moldova"]
[BlackTeam "Czech Republic"]
[WhiteFideId "13900200"]
[BlackFideId "309095"]
[EventDate "2012.08.28"]

1. c4 Nf6 2. g3 c6 3. Bg2 d5 4. Qa4 Nbd7 5. cxd5 Nb6 6. Qb3 cxd5 7. Nf3 a5 8. a4
e6 9. O-O Bb4 10. d3 O-O 11. Bd2 Qe7 12. Bxb4 Qxb4 13. Qxb4 axb4 14. a5 Bd7 15.
Nbd2 Na4 16. Ne5 Bb5 17. Nb3 Rfc8 18. f4 Be8 19. Nd4 Rc5 20. Rfc1 Raxa5 21. Rxc5
Rxc5 22. b3 Nb6 23. Ra7 Rc7 24. Kf2 Kf8 25. Bh3 Ke7 26. Ke3 Nfd7 27. Nb5 Nc8 28.
Ra8 Rc5 29. Nd4 Nd6 30. Ra7 Rc7 31. Ra8 Rc3 32. Kd2 Nc5 33. Nef3 Nxb3+ 34. Nxb3
Rxb3 35. Kc2 Rc3+ 36. Kb2 Nb5 37. Ra4 b3 38. Ne1 Rc7 39. Rb4 Nc3 40. Kxb3 Nxe2
41. Bf1 Rc1 0-1

[Event "40th Olympiad Open"]
[Site "Istanbul TUR"]
[Date "2012.09.05"]
[Round "8.14"]
[Board "3"]
[White "Hracek, Zbynek"]
[Black "Svetushkin, Dmitry"]
[Result "1/2-1/2"]
[WhiteTitle "GM"]
[BlackTitle "GM"]
[WhiteElo "2619"]
[BlackElo "2569"]
[WhiteTeam "Czech Republic"]
[BlackTeam "Moldova"]
[WhiteFideId "300071"]
[BlackFideId "13900463"]
[EventDate "2012.08.28"]

1. d4 d5 2. c4 c6 3. Nc3 Nf6 4. e3 a6 5. Nf3 Bf5 6. Bd3 Bxd3 7. Qxd3 e6 8. e4
dxe4 9. Nxe4 Nxe4 10. Qxe4 Bb4+ 11. Ke2 Nd7 12. Rd1 O-O 13. Bf4 Be7 14. Rd3 Rc8
15. Ne5 Nxe5 16. dxe5 Qb6 17. Rb3 Qc7 18. a4 b6 19. Be3 c5 20. a5 Rb8 21. Bd2
Qa7 22. axb6 Rxb6 23. Rh3 g6 24. Bc3 Rd8 25. Rd3 Rxd3 26. Kxd3 Qd7+ 27. Ke2 Qc8
28. Kd3 Qd7+ 29. Kc2 Qc8 30. g4 Kf8 31. f4 Kg8 32. Rd1 Qe8 33. Ra1 Qc8 34. Rf1
Qe8 35. Kb1 Bf8 36. f5 exf5 37. gxf5 gxf5 38. Qxf5 Re6 39. h4 Bg7 40. h5 h6 41.
Rg1 Kh8 42. Qg4 Qf8 43. Qg3 Kh7 44. Rd1 Qe7 45. Rd5 Bf8 46. Qd3+ Kg8 47. Qf3 Qh4
48. Rd1 Qg5 49. Rf1 Qe7 50. Ka2 Bg7 51. Rg1 Kh8 52. Qg3 Qf8 53. Ka3 Kh7 54. Rd1
Qe7 55. Qd3+ Kg8 56. Qd8+ Bf8 57. Qxe7 Bxe7 58. Ka4 Kf8 59. Rd7 Ke8 60. Ra7 Bd8
61. Ra8 Kd7 62. Ra7+ Ke8 63. Ra8 Kd7 64. Ra7+ 1/2-1/2

[Event "40th Olympiad Open"]
[Site "Istanbul TUR"]
[Date "2012.09.05"]
[Round "8.15"]
[Board "1"]
[White "Firat, Burak"]
[Black "Mchedlishvili, Mikheil"]
[Result "0-1"]
[WhiteTitle "IM"]
[BlackTitle "GM"]
[WhiteElo "2423"]
[BlackElo "2659"]
[WhiteTeam "Turkey 2016"]
[BlackTeam "Georgia"]
[WhiteFideId "6305881"]
[BlackFideId "13600966"]
[EventDate "2012.08.28"]

1. e4 e5 2. Nf3 Nc6 3. Bb5 a6 4. Ba4 Nf6 5. O-O Be7 6. Re1 b5 7. Bb3 d6 8. c3
O-O 9. d4 Bg4 10. Be3 Bh5 11. h3 exd4 12. cxd4 Na5 13. Bc2 Nc4 14. Bc1 d5 15. e5
Ne4 16. Nc3 Nxc3 17. bxc3 Bg6 18. Bxg6 fxg6 19. Qd3 Qd7 20. e6 Qc6 21. a3 Rae8
22. Ra2 Bf6 23. Rae2 Nd6 24. Ne5 Bxe5 25. Rxe5 Nc4 26. R5e2 Rf6 27. e7 Qd7 28.
Bg5 Rf7 29. Bh4 Nxa3 30. Ra1 Nc4 31. Rxa6 Nd6 32. g4 Ne4 33. Rxe4 dxe4 34. Qxe4
Rfxe7 35. Bxe7 Qxe7 36. Qd5+ Kh8 37. Rc6 Qe1+ 38. Kg2 Rf8 39. f3 Re8 40. h4 Re2+
41. Kh3 Qh1+ 0-1

[Event "40th Olympiad Open"]
[Site "Istanbul TUR"]
[Date "2012.09.05"]
[Round "8.15"]
[Board "2"]
[White "Gagunashvili, Merab"]
[Black "Sanal, Vahap"]
[Result "1-0"]
[WhiteTitle "GM"]
[BlackTitle "FM"]
[WhiteElo "2578"]
[BlackElo "2387"]
[WhiteTeam "Georgia"]
[BlackTeam "Turkey 2016"]
[WhiteFideId "13601652"]
[BlackFideId "6300545"]
[EventDate "2012.08.28"]

1. Nf3 e6 2. g3 d5 3. Bg2 g6 4. O-O Bg7 5. d4 Ne7 6. Nc3 O-O 7. e4 Nd7 8. Bf4 b6
9. e5 c5 10. Re1 Nc6 11. Bg5 Qc7 12. Nb5 Qb8 13. c4 dxc4 14. d5 exd5 15. Bf4 Bb7
16. e6 Qd8 17. Qxd5 Nf6 18. Qxd8 Rfxd8 19. Nd6 Rxd6 20. exf7+ Kxf7 21. Bxd6 Rd8
22. Rad1 Kg8 23. Ne5 Nd4 24. Be7 Bxg2 25. Kxg2 Rd5 26. Nxc4 Nd7 27. Ne3 Re5 28.
Bd6 Re6 29. Nc4 Kf7 30. Rxe6 Nxe6 31. Re1 1-0

[Event "40th Olympiad Open"]
[Site "Istanbul TUR"]
[Date "2012.09.05"]
[Round "8.15"]
[Board "3"]
[White "Dastan, Muhammed Batuhan"]
[Black "Sanikidze, Tornike"]
[Result "0-1"]
[WhiteTitle "FM"]
[BlackTitle "GM"]
[WhiteElo "2317"]
[BlackElo "2585"]
[WhiteTeam "Turkey 2016"]
[BlackTeam "Georgia"]
[WhiteFideId "6300014"]
[BlackFideId "13602608"]
[EventDate "2012.08.28"]

1. e4 e5 2. Nf3 Nc6 3. Bc4 Nf6 4. d3 Be7 5. O-O O-O 6. Re1 d6 7. a4 Na5 8. Ba2
c5 9. Nc3 Be6 10. Nd5 Nxd5 11. Bxd5 Nc6 12. c3 Bf6 13. Be3 Bxd5 14. exd5 Ne7 15.
Qb3 Qd7 16. Nd2 g6 17. Qa2 Bg7 18. a5 h6 19. f3 Kh7 20. Bf2 g5 21. b4 cxb4 22.
c4 e4 23. Nxe4 f5 24. Ng3 Bxa1 25. Qxa1 Rae8 26. Rb1 Ng6 27. Rxb4 Nf4 28. Qb1
Rf7 29. Bxa7 h5 30. Nf1 Re2 31. Bf2 Qe7 32. Qd1 Ra2 33. Rb3 Qe2 0-1

[Event "40th Olympiad Open"]
[Site "Istanbul TUR"]
[Date "2012.09.05"]
[Round "8.15"]
[Board "4"]
[White "Shanava, Konstantine"]
[Black "Emiroglu, Cankut"]
[Result "1/2-1/2"]
[WhiteTitle "GM"]
[BlackTitle "CM"]
[WhiteElo "2569"]
[BlackElo "2299"]
[WhiteTeam "Georgia"]
[BlackTeam "Turkey 2016"]
[WhiteFideId "13601784"]
[BlackFideId "6306659"]
[EventDate "2012.08.28"]

1. e4 c5 2. Nc3 Nc6 3. g3 g6 4. Bg2 Bg7 5. d3 e6 6. Nge2 d6 7. O-O Nge7 8. a3
O-O 9. Rb1 b6 10. b4 Bb7 11. Bf4 Qd7 12. Qd2 Nd4 13. a4 Nec6 14. bxc5 dxc5 15.
Nb5 Nxe2+ 16. Qxe2 Nd4 17. Qd2 Bc6 18. c4 e5 19. Be3 Bxb5 20. axb5 a5 21. bxa6
Rxa6 22. Qb2 Rfa8 23. Bxd4 Qxd4 24. Qxd4 cxd4 25. Rb5 Ra3 26. Rd1 Ra1 27. Rxa1
Rxa1+ 28. Bf1 Ra6 29. Be2 f6 30. c5 bxc5 31. Rxc5 Bf8 32. Rc7 Re6 33. Bd1 Re7
34. Bb3+ Kg7 35. Rc8 Ra7 36. Kg2 Rb7 37. Bd5 Ra7 38. h4 h5 39. f4 Rd7 40. Be6
Ra7 41. Kf3 Ra1 42. f5 gxf5 43. Rc7+ Kh6 44. exf5 Re1 45. Kf2 Rd1 46. Bg8 Bg7
47. Bc4 Rc1 48. Re7 Rd1 49. Re8 Rc1 50. Bd5 Rd1 51. Be4 Kh7 52. Re7 Kh6 53. Rf7
Bh8 54. Ra7 Bg7 55. Rb7 Bh8 56. Rb3 Bg7 57. Bf3 Rc1 58. Rb7 Rc3 59. Ke2 Rc2+ 60.
Ke1 Rc1+ 61. Kf2 Rc2+ 62. Kf1 Rc3 63. Be4 Rc2 64. Kg1 Rd2 65. Kh1 Rf2 66. Rb1
Bf8 67. Ra1 Bg7 68. Rg1 Kh7 69. Rb1 Kh6 70. Kg1 Rd2 71. Rb3 Rc2 72. Kf1 Rc1+ 73.
Kg2 Rc2+ 74. Kh3 Rf2 75. Rb1 Bf8 76. Rg1 Kh7 77. g4 hxg4+ 78. Kxg4 Kh6 79. Kh3
Kh7 80. Rg6 Bg7 81. Kg4 Rf1 82. Kh5 Rf2 83. Rg1 Rf4 84. Rg2 Bh6 85. Ra2 Bf8 86.
Ra8 Bg7 87. Rb8 Bh8 88. Rb7+ Bg7 89. Ra7 Rf2 90. Kg4 Rf4+ 91. Kh3 Kh6 92. Rb7
Rf1 93. Rb2 Kh7 94. Rg2 Rh1+ 95. Kg3 Rf1 96. Kh2 Rf4 97. Kh3 Rf1 98. Rg6 Rf2 99.
h5 Rf4 100. h6 Bxh6 101. Rxf6 Bg7 102. Ra6 Kg8 103. Bd5+ Kh7 104. Kg3 Kh8 105.
Ra8+ Kh7 106. Bg8+ Kh8 107. Bd5+ Kh7 108. Ra6 Kh8 109. Be4 Kg8 110. Ra8+ Kf7
111. Rb8 Bf6 112. Rb7+ Kf8 113. Kg2 Bh4 114. Rb6 Kg7 115. Rg6+ Kf7 116. Bd5+ Kf8
117. Kh3 Ke7 118. Re6+ Kd7 119. Bc6+ Kc7 120. Be4 Be1 121. Rxe5 Rh4+ 122. Kg2
Rh6 123. Kf3 Rd6 124. Re7+ Kd8 125. Rh7 Bd2 126. Rh2 Be3 127. Rh7 Rh6 128. Ra7
Rf6 129. Ke2 Ke8 130. Rb7 Kf8 131. Kd1 Rf7 132. Rb6 Kg7 133. Rg6+ Kf8 134. Kc2
Bf4 135. Kb3 Be5 136. Kc4 Bf6 137. Kd5 Ke7 138. Rh6 Rf8 139. Rh7+ Rf7 140. Rh1
Rf8 141. Bf3 Rd8+ 142. Kc6 Rc8+ 143. Kb7 Rh8 144. Re1+ Kf7 145. Bd5+ Kf8 146.
Kc6 Rh6 147. Rg1 Ke7 148. Be6 Rh2 149. Rb1 Rc2+ 150. Kd5 Rc7 151. Rh1 Kf8 152.
Rh6 Bg7 153. Rg6 Ke8 154. f6 Bf8 155. Rg8 Rc1 156. Kxd4 Rf1 157. Rg2 Rxf6 158.
Kd5 Ke7 159. Re2 Bg7 160. Re4 Rf2 161. Bg4+ Kf8 162. Kd6 Rd2 163. Rf4+ Kg8 164.
Be6+ Kh7 165. Bf5+ Kh6 166. Rg4 Bb2 167. Ke6 Kh5 168. Rg1 Bd4 169. Rg3 Bf2 170.
Rg8 Bd4 171. Kd5 Bb2 172. Ke4 Kh6 173. Ke3 Rd1 174. Ke2 Ra1 175. Be4 Ra6 176.
Kf3 Rd6 177. Kg4 Bd4 178. Bf5 Bg7 179. Be4 Bd4 180. Rg5 Be3 181. Rh5+ Kg7 182.
Rh7+ Kf6 183. Rh3 Bd4 184. Kf4 Be5+ 185. Kg4 Bd4 186. Rh6+ Ke7 187. Rh5 Kd8 188.
Bd5 Kc7 189. Kf4 Kb6 190. Ke4 Kc5 191. Rf5 Bc3 192. Rf8 Bf6 193. Rc8+ Kb6 194.
d4 Ka7 195. Rc5 Kb8 196. Kd3 Bd8 197. Rb5+ Bb6 198. Ke4 Kc7 199. Rb1 Rh6 200.
Kd3 Rh3+ 201. Kc4 Rh4 202. Rd1 Rxd4+ 203. Rxd4 Bxd4 204. Kxd4 1/2-1/2

[Event "40th Olympiad Open"]
[Site "Istanbul TUR"]
[Date "2012.09.05"]
[Round "8.16"]
[Board "1"]
[White "Ragger, Markus"]
[Black "Leon Hoyos, Manuel"]
[Result "1/2-1/2"]
[WhiteTitle "GM"]
[BlackTitle "GM"]
[WhiteElo "2670"]
[BlackElo "2579"]
[WhiteTeam "Austria"]
[BlackTeam "Mexico"]
[WhiteFideId "1610856"]
[BlackFideId "5105269"]
[EventDate "2012.08.28"]

1. d4 Nf6 2. Nf3 g6 3. c4 c5 4. Nc3 cxd4 5. Nxd4 Nc6 6. g3 d6 7. Bg2 Bd7 8. Nxc6
Bxc6 9. e4 Bg7 10. Be3 O-O 11. O-O a5 12. h3 a4 13. Qd2 Qa5 14. Rac1 Rfc8 15.
Rc2 Nd7 16. Rb1 Qb4 17. b3 axb3 18. axb3 Ra3 19. Nd5 Qxd2 20. Rxd2 Bxd5 21. Rxd5
b6 22. Rb5 Ra5 23. Rxa5 bxa5 24. Bd2 Rc5 25. Rc1 Bd4 26. Rc2 Re5 27. Bf4 Re6 28.
Rd2 Bc3 29. Rd3 Bb4 30. Be3 Nc5 31. Bxc5 dxc5 32. h4 Ba3 33. f3 Rb6 34. f4 Bb2
35. Bf3 e5 36. f5 Bd4+ 37. Kg2 h5 38. fxg6 fxg6 39. g4 hxg4 40. Bxg4 Kf7 1/2-1/2

[Event "40th Olympiad Open"]
[Site "Istanbul TUR"]
[Date "2012.09.05"]
[Round "8.16"]
[Board "4"]
[White "Ibarra Chami, Luis Fernando"]
[Black "Neubauer, Martin"]
[Result "1/2-1/2"]
[WhiteTitle "IM"]
[BlackTitle "IM"]
[WhiteElo "2481"]
[BlackElo "2442"]
[WhiteTeam "Mexico"]
[BlackTeam "Austria"]
[WhiteFideId "5105048"]
[BlackFideId "1602675"]
[EventDate "2012.08.28"]

1. c4 g6 2. Nc3 c5 3. g3 Bg7 4. Bg2 Nc6 5. a3 a6 6. Rb1 Rb8 7. b4 cxb4 8. axb4
b5 9. cxb5 axb5 10. Nf3 d5 11. d4 Bf5 12. Rb3 Nf6 13. Bf4 Rb6 14. O-O O-O 15.
Ne5 Ne4 16. e3 f6 17. Nxc6 Rxc6 18. Bxe4 Bxe4 19. f3 Bf5 20. g4 Bc8 21. Nxb5 e5
22. dxe5 fxe5 23. Na7 Re6 24. Bg3 Bb7 25. b5 Qb6 26. Nc6 Bxc6 27. bxc6 Qxc6 28.
Rd3 d4 29. exd4 exd4 30. Bf2 Qc4 1/2-1/2

[Event "40th Olympiad Open"]
[Site "Istanbul TUR"]
[Date "2012.09.05"]
[Round "8.17"]
[Board "1"]
[White "Ftacnik, Lubomir"]
[Black "Leitao, Rafael"]
[Result "1/2-1/2"]
[WhiteTitle "GM"]
[BlackTitle "GM"]
[WhiteElo "2532"]
[BlackElo "2623"]
[WhiteTeam "Slovakia"]
[BlackTeam "Brazil"]
[WhiteFideId "14900017"]
[BlackFideId "2101246"]
[EventDate "2012.08.28"]

1. d4 Nf6 2. Nf3 e6 3. c4 Bb4+ 4. Nbd2 O-O 5. a3 Be7 6. g3 b6 7. Bg2 Bb7 8. O-O
c5 9. b3 cxd4 10. Bb2 Qc7 11. Bxd4 Nc6 12. Bb2 Rad8 13. Rc1 Qb8 14. Qc2 d5 15.
b4 h6 16. Rfd1 dxc4 17. Nxc4 Rxd1+ 18. Rxd1 Rc8 19. Qb3 b5 20. Nce5 Nxe5 21.
Nxe5 Bxg2 22. Kxg2 Qb7+ 23. Qf3 Qxf3+ 24. Kxf3 Rc2 25. Nd3 a6 26. Rc1 Rxc1 27.
Nxc1 Nd7 28. Nb3 h5 29. e4 Kf8 30. h3 Bd6 31. Ke3 e5 32. Na5 Ke7 33. Nc6+ Ke6
34. Nd8+ Ke7 35. Nc6+ Ke6 36. Nd8+ Ke7 1/2-1/2

[Event "40th Olympiad Open"]
[Site "Istanbul TUR"]
[Date "2012.09.05"]
[Round "8.17"]
[Board "3"]
[White "Michalik, Peter"]
[Black "Fier, Alexandr"]
[Result "0-1"]
[WhiteTitle "GM"]
[BlackTitle "GM"]
[WhiteElo "2508"]
[BlackElo "2582"]
[WhiteTeam "Slovakia"]
[BlackTeam "Brazil"]
[WhiteFideId "14907526"]
[BlackFideId "2107139"]
[EventDate "2012.08.28"]

1. d4 Nf6 2. c4 g6 3. Nc3 Bg7 4. e4 O-O 5. Bd3 Nc6 6. Nge2 e5 7. d5 Nd4 8. O-O
c5 9. Nxd4 exd4 10. Nb5 d6 11. Bf4 Ne8 12. Qd2 a6 13. Na3 Nf6 14. h3 Re8 15.
Rae1 Nh5 16. Bh2 g5 17. Be2 Nf6 18. Qxg5 Nxe4 19. Qxd8 Rxd8 20. Bd3 Nd2 21. Bxd6
Bf5 22. Bxf5 Rxd6 23. Re7 Nxf1 24. Kxf1 b5 25. cxb5 axb5 26. Nxb5 Rb6 27. Bd3
Bf8 28. Rd7 Rxa2 29. d6 Rxb2 30. Rd8 Kg7 31. d7 Be7 32. Re8 Bf6 33. d8=Q Bxd8
34. Rxd8 Rf6 35. f3 Ra6 36. Kg1 Raa2 37. Bf1 Kf6 38. Rd5 Ra1 39. Rxc5 d3 40. Rd5
d2 41. Nc3 Ke6 42. f4 Rc1 43. Re5+ Kd7 44. Rd5+ Ke7 45. Re5+ Kf8 46. Rd5 Rxc3
47. Be2 Re3 48. Bg4 Re4 49. f5 Rxg4 0-1

[Event "40th Olympiad Open"]
[Site "Istanbul TUR"]
[Date "2012.09.05"]
[Round "8.17"]
[Board "4"]
[White "Milos, Gilberto"]
[Black "Jurcik, Marian"]
[Result "1/2-1/2"]
[WhiteTitle "GM"]
[BlackTitle "IM"]
[WhiteElo "2593"]
[BlackElo "2486"]
[WhiteTeam "Brazil"]
[BlackTeam "Slovakia"]
[WhiteFideId "2100029"]
[BlackFideId "14907518"]
[EventDate "2012.08.28"]

1. d4 Nf6 2. c4 g6 3. Nc3 Bg7 4. e4 d6 5. h3 Nbd7 6. Nf3 e5 7. d5 Nc5 8. Qc2 a5
9. Bg5 O-O 10. Be2 Bd7 11. Nd2 c6 12. Nb3 Na6 13. O-O a4 14. Nd2 Nc5 15. b4 axb3
16. Nxb3 Nxb3 17. axb3 c5 18. Rxa8 Qxa8 19. Qb2 Qa5 20. Ra1 Qb6 21. Bd1 h6 22.
Bd2 Ne8 23. Qc1 Kh7 24. Ne2 Qc7 25. b4 b6 26. Ba4 f5 27. Bxd7 Qxd7 28. f3 fxe4
29. fxe4 cxb4 30. Bxb4 h5 31. Nc3 Bh6 32. Qe1 Qc7 33. Qe2 Rf7 34. Nb5 Qd8 35.
Kh1 Qh4 36. Kg1 Qg3 37. Ra3 Qg5 38. Qe1 Qd8 39. h4 Qc8 40. Qe2 Qd8 41. g3 Bf8
42. Bd2 Bh6 43. Bb4 1/2-1/2

[Event "40th Olympiad Open"]
[Site "Istanbul TUR"]
[Date "2012.09.05"]
[Round "8.18"]
[Board "1"]
[White "Gundavaa, Bayarsaikhan"]
[Black "Godena, Michele"]
[Result "1/2-1/2"]
[WhiteTitle "IM"]
[BlackTitle "GM"]
[WhiteElo "2519"]
[BlackElo "2516"]
[WhiteTeam "Mongolia"]
[BlackTeam "Italy"]
[WhiteFideId "4901045"]
[BlackFideId "800090"]
[EventDate "2012.08.28"]

1. d4 d5 2. c4 dxc4 3. e3 e5 4. Bxc4 exd4 5. exd4 Nf6 6. Nf3 Bd6 7. O-O O-O 8.
h3 Nc6 9. Nc3 h6 10. Qc2 Na5 11. Bd3 Be6 12. Re1 Bc4 13. Bf5 Nc6 14. Qa4 Ne7 15.
Qxc4 Nxf5 16. Ne5 c6 17. Bf4 Qc7 18. Rac1 Rad8 19. g4 Ne7 20. Bg3 Ned5 21. Qd3
Nxc3 22. bxc3 Rfe8 23. Qf3 Re6 24. Rb1 Rde8 25. h4 Nh7 26. Kg2 f6 27. Nd3 Rxe1
28. Rxe1 Rxe1 29. Nxe1 Nf8 30. Nd3 Bxg3 1/2-1/2